Zapraszamy do Śląskiej Izby

Titel: Zapraszamy do Śląskiej Izby
Verfasser:
In: Ziemia Prudnicka, (2006), Seite 251, fot
alle Artikel anzeigen
Veröffentlicht: 2006
Format: Aufsatz
Sprache: Polnisch
Schlagworte:
Kein Bild verfügbar
X
alg: 39456045
001A    $01999:12-11-16 
001B    $03025:04-04-24 $t07:39:22.000 
001D    $01999:12-11-16 
001U    $0utf8 
001X    $00 
002@    $0Aox 
003@    $0394560450 
007A    $0394560450 $aHEB 
007T    $0Herdww038426 
010@    $apol 
011@    $a2006 
021A    $aZapraszamy do Śląskiej Izby 
027A    $aWir laden in die "Schlesische Stube" ein 
028A    $aWiszniewski $dJanusz 
031A    $h251, fot $j2006 
037A    $aBetr. die Schlesische Regionalkammer im Oberglogauer Gymnasium 
037A    $aDot. Śląskiej Izby Regionalnej w gimnazjum w Głogówku  
039B    $aIn $8--Abvc--. Ziemia Prudnicka. - Prudnik : Spółka Wydawn. "Aneks", 2002-. - ISSN 1642-977X $x200600000000000749 $9112106501 
044K    $ROberglogau $#Oberglogau $75057306-8 $8Głogówek [Tg1] $9044719264 
045F    $a307.094385 $eDDC23BSB 
045F/01 $a307.09 
045F/03 $g4385 
045T    $a7,41 
046C    $aWir laden in die "Schlesische Stube" ein $bÜbers. des Hauptsacht. 

lok: 39456045 78

exp: 39456045 78 1 #EPN
201B/01 $004-04-24 $t07:39:22.000 
201U/01 $0utf8 
203@/01 $0790670887 
208@/01 $a12-11-16 $be 
209A/01 $a/ $f000 $x00 
220C/01 $aTitelaufnehmer: EV 
220C/01 $aHerkunft: IH UWr 
244Z/01 $2Trx $#Silesia $#Śląsk $#Sliezsko $#Slezsko $8--Trx--Schlesien $x01 $9391173987 
244Z/01 $#Oberglogau $75057306-8 $8--Tg1--Głogówek $x02 $9044719264 
244Z/01 $aGeschichte 2005 $x03 
244Z/01 $2Trx $#etnograafia üldine $#etnografija bendras $#ethnography general $#néprajz általános $#etnografia ogólnie $#etnografia všeobecne $#etnografie všeobecně $#Ethnographie $#kultura ludowa $#národopis $#národopis $#kultura lidová $8--Trx--Volkskunde$gallgemein $x04 $9391362054 
244Z/01 $2Trx $8--Trx--Zeitschriftenaufsatz $x05 $9391384341 
245Z/01 $a13.03 $x01 
245Z/01 $a11.04 $x02 
247C/01 $82080>Marburg/Lahn, Herder-Institut, Forschungsbibliothek, Bibliographieportal $9336309341
LEADER 00000caa a22000002c 4500
001 394560450
003 DE-603
005 20240404073922.0
007 tu
008 161112s2006 xx |||| | u00||u|pol c
035 |a (DE-599)HEB394560450 
040 |a DE-603  |b ger  |c DE-603  |d DE-603 
041 |a pol 
082 0 4 |8 1\u  |a 307.094385  |q DE-101  |2 23/BSB 
084 |a 7,41  |2 ssgn 
085 |8 1\u  |b 307.09 
085 |8 1\u  |z 2  |s 4385 
100 1 |a Wiszniewski, Janusz 
245 0 0 |a Zapraszamy do Śląskiej Izby 
246 1 |i Übers. des Hauptsacht.  |a Wir laden in die "Schlesische Stube" ein 
246 1 3 |a Wir laden in die "Schlesische Stube" ein 
264 0 |c 2006 
500 |a Betr. die Schlesische Regionalkammer im Oberglogauer Gymnasium 
500 |a Dot. Śląskiej Izby Regionalnej w gimnazjum w Głogówku <pol> 
651 7 |a Głogówek  |0 (DE-588)5057306-8  |0 (DE-603)044719264  |2 gnd 
773 0 8 |i In  |t Ziemia Prudnicka  |d Prudnik : Spółka Wydawn. "Aneks", 2002-  |x 1642-977X  |g (2006), Seite 251, fot  |w (DE-603)112106501  |w (DE-600)2111590-4 
924 0 |9 2080  |a (DE-603)790670887  |b DE-2080  |c HES  |d d  |g /